Деспот-Зеновичу А. И.

RUSMARC
00005116nac2a22003613x 450
001ea0eabd9-d4e6-48d6-b206-1b9098c3d8e7
00520240819202015.0
100##$a20240716l1884 k y0rusy50 ca
1010#$arus
102##$aRU
105##$ay z |||||
1220#$ad18840828
2001#$aДеспот-Зеновичу А. И.
$j28.08.1884
215##$a5 листов
$d26,2 х 20,3
251##$cДело
300##$aЗаголовок дела на папке: Письмо М. Т. Лорис-Меликова к А. И. Деспоту-Зеновичу
300##$aНа папке дела: 1884 г.
300##$aРукописный текст
325##$aЗамикрофильмировано
330##$aВходит в раздел описи: Письма Лорис-Меликова к разным лицам
461#0$1001cda3d175-ae4a-411a-8dea-9cc20fb178f6
$12001
$aЛорис-Меликов Михаил Тариелович, граф, министр внутренних дел, главный начальник "верховной распорядительной комиссии по охранению государственного порядка и общественного спокойствия", генерал от кавалерии
$1251
$cФонд
$1852
$j569
462#0$1001163e060a-d7cc-404d-90ee-e28c9801971b
$12001
$aОпись дел фонда М. Т. Лорис-Меликова за 1858-1915 гг.
$vД. 137
$1251
$cОпись
$1852
$j1
5171#$aПисьмо М. Т. Лорис-Меликова к А. И. Деспоту-Зеновичу
600#1$aЛорис-Меликов
$bМ. Т.
$gМихаил Тариелович
605##$3DITM\AF\0000002775
$aВласть
$lколлекция
$2acquisition_prlib
6101#$aПисьма
686##$a63.3(2)535-332ю1
$cИстория
$2rubbk
686##$a67.400.6ю1
$cПраво
$2rubbk
700#1$aЛорис-Меликов
$bМ. Т.
$gМихаил Тариелович
702#1$aДеспот-Зенович
$bА. И.
$4660
801#0$aRU
$bGA_RF
801#1$aRU
$bГлавНИВЦ
$c20240716
$2rusmarc
801#2$aRU
$bПБ им. Б.Н. Ельцина
$c20240819
$gRCR
$2rusmarc
852##$aГА РФ
$j137
937##$d193624576
$hГАРФ
035##$aRuPRLIB51076495
856##$uhttp://readingroom.main.prlib.ru/item.aspx?id_node=n193624576&mode=full
Формат отображения